[Event "Bogota University op 9th"]
[Site "Bogota"]
[Date "2015.10.11"]
[Round "8"]
[White "Piedrahita, Danilo"]
[Black "Camargo, Santiago"]
[Result "0-1"]
[WhiteElo "1810"]
[BlackElo "2059"]
[PlyCount "55"]
[EventDate "2015.10.08"]
[EventType "swiss"]
[EventRounds "9"]
[EventCountry "COL"]
[SourceTitle "CBM 168 Extra"]
[Source "ChessBase"]
[SourceDate "2015.10.29"]
[SourceVersion "1"]
[SourceVersionDate "2015.10.29"]
[SourceQuality "1"]

1. d4 d5 2. Nf3 Nf6 3. Bf4 h6 4. h3 Bf5 5. e3 e6 6. c3 c5 7. dxc5 Bxc5 8. Qb3 Qe7 9. Bxb8 Rxb8 10. Bb5+ Kf8 11. Nbd2 Ne4 12. Rd1 Qf6 13. Be2 g5 14. Qb5 Bd6 15. Qd7 Qe7 16. Qxe7+ Kxe7 17. c4 dxc4 18. Nxc4 Bb4+ 19. Kf1 Rhd8 20. g4 Rxd1+ 21. Bxd1 Bh7 22. a3 Bc5 23. b4 Bb6 24. h4 Nc3 25. Be2 Be4 26. hxg5 hxg5 27. Rh6 Nxe2 28. Kxe2 0-1

[Event "Bogota University op 9th"]
[Site "Bogota"]
[Date "2015.10.08"]
[Round "2"]
[White "Prasca Sosa, Rafael Felipe"]
[Black "Camargo, Santiago"]
[Result "1-0"]
[WhiteElo "2403"]
[BlackElo "2059"]
[PlyCount "89"]
[EventDate "2015.10.08"]
[EventType "swiss"]
[EventRounds "9"]
[EventCountry "COL"]
[SourceTitle "CBM 168 Extra"]
[Source "ChessBase"]
[SourceDate "2015.10.29"]
[SourceVersion "1"]
[SourceVersionDate "2015.10.29"]
[SourceQuality "1"]

1. e4 c5 2. Nf3 e6 3. Nc3 Nc6 4. d4 cxd4 5. Nxd4 a6 6. Nxc6 bxc6 7. Bd3 d5 8. 0-0 g6 9. Na4 Bg7 10. Bd2 Ne7 11. Bc3 e5 12. f4 d4 13. Bd2 exf4 14. Bxf4 Qa5 15. b3 Be5 16. Bxe5 Qxe5 17. Nb6 Ra7 18. Nc4 Qc5 19. Rf6 0-0 20. Qf3 Be6 21. Rf1 Nc8 22. e5 Bxc4 23. Bxc4 Qxe5 24. Qxc6 a5 25. h3 Rc7 26. Qa6 Kg7 27. Kh1 Qc5 28. a4 Na7 29. Rb6 Rc6 30. Rxc6 Nxc6 31. Qb5 Qxb5 32. axb5 Nb4 33. Rf2 f5 34. Rd2 Rd8 35. Be2 Re8 36. Kg1 Kf6 37. Bf1 Re6 38. Rxd4 Nxc2 39. Ra4 Ke5 40. Rxa5 Kf4 41. Kf2 Ne3 42. Ra4+ Kg5 43. Be2 f4 44. Ra6 Re7 45. b6 1-0

[Event "COL-ch Universities"]
[Site "Bogota"]
[Date "2015.10.06"]
[Round "4"]
[White "Camargo, Santiago"]
[Black "Rodriguez, German Enrique"]
[Result "1/2-1/2"]
[WhiteElo "2059"]
[BlackElo "2030"]
[PlyCount "35"]
[EventDate "2015.10.05"]
[EventType "swiss"]
[EventRounds "6"]
[EventCountry "COL"]
[SourceTitle "CBM 168 Extra"]
[Source "ChessBase"]
[SourceDate "2015.10.29"]
[SourceVersion "1"]
[SourceVersionDate "2015.10.29"]
[SourceQuality "1"]

1. d4 c5 2. e4 e6 3. Nf3 cxd4 4. Nxd4 a6 5. Nc3 Qc7 6. a3 Nf6 7. Be2 Be7 8. 0-0 d6 9. Be3 Nbd7 10. Kh1 b5 11. Qd2 Bb7 12. f3 h5 13. Nb3 h4 14. Bf4 Nh5 15. Bg5 Qb6 16. Be3 Qc7 17. Bg5 Qb6 18. Be3 1/2-1/2

[Event "Bogota University op 8th"]
[Site "Bogota"]
[Date "2014.10.09"]
[Round "2"]
[White "Ruiz Aguilar, Pablo Alexander"]
[Black "Camargo, Santiago"]
[Result "1-0"]
[WhiteElo "2264"]
[BlackElo "2033"]
[PlyCount "59"]
[EventDate "2014.10.09"]
[EventType "swiss"]
[EventRounds "9"]
[EventCountry "COL"]
[SourceTitle "EXT 2015"]
[Source "ChessBase"]
[SourceDate "2014.11.20"]
[SourceVersion "1"]
[SourceVersionDate "2014.11.20"]
[SourceQuality "1"]

1. e4 c5 2. Nf3 d6 3. d4 cxd4 4. Nxd4 Nf6 5. Nc3 a6 6. Be2 e5 7. Nb3 Be6 8. f4 exf4 9. Bxf4 Nc6 10. Qd2 Qc7 11. 0-0-0 Rd8 12. Nd4 Nxd4 13. Qxd4 Be7 14. g4 Qc5 15. g5 Qxd4 16. Rxd4 Ng4 17. Bxg4 Bxg4 18. Nd5 Rd7 19. Nb6 Rc7 20. Rg1 Be6 21. Bxd6 Bxd6 22. Rxd6 Bxa2 23. Rgd1 0-0 24. Rd7 Rc6 25. Nd5 Bxd5 26. exd5 Rb6 27. d6 g6 28. c4 Rb4 29. Rc7 Rd8 30. d7 1-0

[Event "Bogota McGregor op 4th"]
[Site "Bogota"]
[Date "2013.12.06"]
[Round "5"]
[White "Camargo, Santiago"]
[Black "Calero, Hector Andres"]
[Result "1-0"]
[WhiteElo "2021"]
[BlackElo "1778"]
[PlyCount "95"]
[EventDate "2013.12.04"]
[EventType "swiss"]
[EventRounds "9"]
[EventCountry "COL"]
[SourceTitle "CBM 157 Extra"]
[Source "ChessBase"]
[SourceDate "2013.12.19"]
[SourceVersion "1"]
[SourceVersionDate "2013.12.19"]
[SourceQuality "1"]

1. e4 c5 2. Nf3 d6 3. d4 cxd4 4. Nxd4 Nf6 5. Nc3 a6 6. f3 e5 7. Nb3 Be6 8. Be3 Be7 9. Qd2 0-0 10. 0-0-0 Nbd7 11. g4 b5 12. g5 b4 13. Ne2 Ne8 14. Ng3 a5 15. Kb1 Qc7 16. Nf5 Nc5 17. Nxe7+ Qxe7 18. h4 a4 19. Nxc5 dxc5 20. h5 c4 21. g6 h6 22. Bh3 Bxh3 23. Rxh3 Rc8 24. Rg3 c3 25. Qd7 Qxd7 26. Rxd7 Nf6 27. Rb7 Nxh5 28. Rh3 fxg6 29. Rxb4 cxb2 30. Kxb2 a3+ 31. Kb3 Rf7 32. c4 Rfc7 33. Rh2 Rf7 34. Rf2 Rcf8 35. Kxa3 Rxf3 36. Rxf3 Rxf3 37. Rb3 Kf7 38. c5 Ke6 39. c6 g5 40. Rd3 Nf4 41. c7 Nxd3 42. c8Q+ Ke7 43. Qb7+ Kf8 44. Qa8+ Ke7 45. Ka4 g4 46. Kb5 h5 47. Qa3+ Kf6 48. Qxd3 1-0

[Event "Bogota Students-ch 22th"]
[Site "Bogota"]
[Date "2013.11.05"]
[Round "6"]
[White "Elias Alvarez, Alfonso Jose"]
[Black "Camargo, Santiago"]
[Result "1-0"]
[WhiteElo "2040"]
[BlackElo "2021"]
[PlyCount "103"]
[EventDate "2013.11.03"]
[EventType "swiss"]
[EventRounds "6"]
[EventCountry "COL"]
[SourceTitle "EXT 2014"]
[Source "ChessBase"]
[SourceDate "2013.11.20"]
[SourceVersion "1"]
[SourceVersionDate "2013.11.20"]
[SourceQuality "1"]

1. e4 c5 2. Nf3 d6 3. d4 cxd4 4. Nxd4 Nf6 5. Nc3 a6 6. Be2 e5 7. Nb3 Be7 8. 0-0 0-0 9. f4 b5 10. Bf3 Bb7 11. Be3 Nbd7 12. a4 b4 13. Nd5 Bxd5 14. exd5 Nb6 15. fxe5 dxe5 16. d6 Bxd6 17. Bxa8 Nxa8 18. a5 Nc7 19. Bg5 Ncd5 20. Rf2 Qc7 21. Qe2 Qc6 22. Kh1 h6 23. Bxf6 Nxf6 24. Re1 Nd5 25. Qe4 Rc8 26. Rd2 Nf4 27. g3 Ne6 28. Qxc6 Rxc6 29. Red1 Bc7 30. Rf2 Bd6 31. Rc1 f6 32. c4 Bc5 33. Re2 Kf7 34. Kg2 g6 35. Kf1 h5 36. Rec2 f5 37. Ra1 g5 38. Ra4 f4 39. Re2 Kf6 40. gxf4 gxf4 41. Nxc5 Rxc5 42. Rxb4 Kf5 43. Rb7 Ng5 44. b4 Rxc4 45. b5 axb5 46. Rxb5 Ne4 47. Ra2 Rc1+ 48. Kg2 Nc3 49. Rc5 Kg4 50. h3+ Kh4 51. Ra3 e4 52. Rcxc3 1-0

[Event "Bogota Students-ch 22th"]
[Site "Bogota"]
[Date "2013.11.03"]
[Round "1"]
[White "Camargo, Santiago"]
[Black "Marin, Sebastian"]
[Result "0-1"]
[WhiteElo "2021"]
[BlackElo "2340"]
[PlyCount "52"]
[EventDate "2013.11.03"]
[EventType "swiss"]
[EventRounds "6"]
[EventCountry "COL"]
[SourceTitle "EXT 2014"]
[Source "ChessBase"]
[SourceDate "2013.11.20"]
[SourceVersion "1"]
[SourceVersionDate "2013.11.20"]
[SourceQuality "1"]

1. e4 c5 2. Nf3 d6 3. d4 cxd4 4. Nxd4 Nf6 5. Nc3 g6 6. Be3 Bg7 7. f3 0-0 8. Qd2 Nc6 9. Bc4 Bd7 10. 0-0-0 Rc8 11. Bb3 Ne5 12. Kb1 Nc4 13. Bxc4 Rxc4 14. g4 Qc7 15. h4 Rc8 16. h5 b5 17. hxg6 fxg6 18. Rh2 Qb7 19. g5 b4 20. Nce2 Nh5 21. Qd3 d5 22. exd5 Qxd5 23. Nc1 Bxd4 24. Bxd4 Bf5 25. Qb3 e6 26. Rhd2 Rxc2 0-1

[Event "Bogota Students-ch 22th"]
[Site "Bogota"]
[Date "2013.11.03"]
[Round "2"]
[White "Pantoja, Arlex"]
[Black "Camargo, Santiago"]
[Result "0-1"]
[WhiteElo "1778"]
[BlackElo "2021"]
[PlyCount "96"]
[EventDate "2013.11.03"]
[EventType "swiss"]
[EventRounds "6"]
[EventCountry "COL"]
[SourceTitle "EXT 2014"]
[Source "ChessBase"]
[SourceDate "2013.11.20"]
[SourceVersion "1"]
[SourceVersionDate "2013.11.20"]
[SourceQuality "1"]

1. e4 c5 2. Nf3 d6 3. d4 cxd4 4. Nxd4 Nf6 5. Nc3 a6 6. Bc4 e6 7. Bb3 Be7 8. 0-0 0-0 9. f4 Nc6 10. f5 e5 11. Nde2 Qc7 12. Kh1 b5 13. Bg5 Bb7 14. Ng3 Nd4 15. Bxf6 Bxf6 16. Bd5 Bg5 17. Bxb7 Qxb7 18. Nd5 f6 19. c3 Nc6 20. Rf3 Rac8 21. Ne2 Rfd8 22. Rd3 Ne7 23. Nxe7+ Qxe7 24. Rd5 Rc4 25. Qd3 Qc7 26. Rd1 Rc6 27. Ng1 Qb6 28. Nf3 Bh6 29. Ne1 Qe3 30. Qxe3 Bxe3 31. Nc2 Bc5 32. a3 Kf7 33. g3 Ke7 34. Kg2 Rb8 35. Kf3 Rb7 36. h4 a5 37. Rc1 b4 38. axb4 axb4 39. Ne3 bxc3 40. bxc3 Kd7 41. h5 Bd4 42. h6 gxh6 43. Ng4 Ke7 44. Nxh6 Rb2 45. Ng4 Rd2 46. Rb5 h5 47. cxd4 Rxc1 48. Ke3 Ra2 0-1

[Event "Bogota University op 7th"]
[Site "Bogota"]
[Date "2013.10.10"]
[Round "2"]
[White "De Arco, Luis Carlos"]
[Black "Camargo, Santiago"]
[Result "1/2-1/2"]
[WhiteElo "2283"]
[BlackElo "2011"]
[PlyCount "58"]
[EventDate "2013.10.10"]
[EventType "swiss"]
[EventRounds "9"]
[EventCountry "COL"]
[SourceTitle "CBM 156 Extra"]
[Source "ChessBase"]
[SourceDate "2013.10.22"]
[SourceVersion "1"]
[SourceVersionDate "2013.10.22"]
[SourceQuality "1"]

1. e4 c5 2. Nf3 d6 3. c3 g6 4. d4 cxd4 5. cxd4 Bg7 6. Nc3 a6 7. a4 Nc6 8. h3 Nf6 9. Be2 h6 10. 0-0 0-0 11. d5 Nb8 12. a5 Nbd7 13. Be3 Kh7 14. Nd2 Ne8 15. Nc4 f5 16. exf5 gxf5 17. Qd2 Ne5 18. Nb6 Rb8 19. Ra4 Nf6 20. f4 Ned7 21. b4 Nxb6 22. Bxb6 Qe8 23. Ra3 Bd7 24. Bf3 Rc8 25. Qd3 Nh5 26. Bxh5 Qxh5 27. Bd4 Rf7 28. Bxg7 Rxg7 29. Ra2 Rcg8 1/2-1/2

[Event "Pan American-ch U20"]
[Site "Bogota"]
[Date "2013.07.14"]
[Round "8"]
[White "Jimenez, Leonardo Andres"]
[Black "Camargo, Santiago"]
[Result "1-0"]
[WhiteElo "1898"]
[BlackElo "2030"]
[PlyCount "89"]
[EventDate "2013.07.10"]
[EventType "swiss"]
[EventRounds "9"]
[EventCountry "COL"]
[SourceTitle "CBM 155 Extra"]
[Source "ChessBase"]
[SourceDate "2013.08.26"]
[SourceVersion "1"]
[SourceVersionDate "2013.08.26"]
[SourceQuality "1"]

1. e4 c5 2. Nf3 Nc6 3. d4 cxd4 4. Nxd4 Nf6 5. Nc3 g6 6. Be3 Bg7 7. f3 0-0 8. Qd2 d5 9. exd5 Nxd5 10. Nxc6 bxc6 11. Nxd5 cxd5 12. c3 e5 13. Rd1 Bb7 14. Bc5 Re8 15. Bb5 Re6 16. 0-0 Qa5 17. a4 a6 18. b4 Qc7 19. Bd3 f5 20. Bc2 Rd8 21. Bb3 Kh8 22. a5 e4 23. Bb6 Rxb6 24. axb6 Qxb6+ 25. Kh1 Qc6 26. fxe4 fxe4 27. Qg5 Rd7 28. Rc1 h6 29. Qg3 Kh7 30. Rc2 a5 31. bxa5 Ba6 32. Rd1 Rb7 33. Ba2 Qa4 34. Rcd2 Rb2 35. Rxd5 Rxa2 36. Rd6 g5 37. h4 Ra1 38. Qg4 Rxd1+ 39. Rxd1 Qe8 40. hxg5 hxg5 41. Qxg5 Bd3 42. a6 Qa4 43. Rxd3 exd3 44. Qf5+ Kh6 45. Qxd3 1-0

[Event "Pan American-ch U20"]
[Site "Bogota"]
[Date "2013.07.10"]
[Round "2"]
[White "Obando Guzman, Soren Federico"]
[Black "Camargo, Santiago"]
[Result "0-1"]
[WhiteElo "1761"]
[BlackElo "2030"]
[PlyCount "48"]
[EventDate "2013.07.10"]
[EventType "swiss"]
[EventRounds "9"]
[EventCountry "COL"]
[SourceTitle "CBM 155 Extra"]
[Source "ChessBase"]
[SourceDate "2013.08.26"]
[SourceVersion "1"]
[SourceVersionDate "2013.08.26"]
[SourceQuality "1"]

1. e4 c5 2. Nf3 d6 3. d4 cxd4 4. Nxd4 Nf6 5. Nc3 a6 6. h3 e5 7. Nde2 Be6 8. g4 h6 9. Bg2 Be7 10. 0-0 Nbd7 11. Nd5 Bxd5 12. exd5 b5 13. a4 b4 14. a5 Rb8 15. c4 Nc5 16. Be3 Nfd7 17. Ng3 g6 18. f4 Bf6 19. f5 g5 20. Nh5 Qc7 21. Qe2 Ke7 22. b3 Rhc8 23. h4 Rg8 24. hxg5 hxg5 0-1

[Event "Duitama op 9th"]
[Site "Duitama"]
[Date "2013.01.06"]
[Round "6"]
[White "Rico Amortegui, Oswaldo Jose"]
[Black "Camargo, Santiago"]
[Result "1-0"]
[WhiteElo "1858"]
[BlackElo "2041"]
[PlyCount "51"]
[EventDate "2013.01.03"]
[EventType "swiss"]
[EventRounds "7"]
[EventCountry "COL"]
[SourceTitle "CBM 152 Extra"]
[Source "ChessBase"]
[SourceDate "2013.02.25"]
[SourceVersion "1"]
[SourceVersionDate "2013.02.25"]
[SourceQuality "1"]

1. e4 c5 2. Nc3 Nc6 3. g3 g6 4. Bg2 Bg7 5. Nge2 e6 6. 0-0 Nge7 7. d3 0-0 8. Be3 b6 9. Qd2 d5 10. exd5 exd5 11. Bh6 Bxh6 12. Qxh6 Nf5 13. Qd2 Nce7 14. Nf4 Qd6 15. Rfe1 Bb7 16. Qe2 Bc6 17. Qe5 Qxe5 18. Rxe5 d4 19. Ncd5 Nxd5 20. Nxd5 Kg7 21. Rae1 Rfe8 22. Ne7 Bxg2 23. Nxf5+ Kf8 24. Kxg2 Rxe5 25. Rxe5 gxf5 26. Rxf5 1-0

[Event "Bogota op 10"]
[Site "Bogota"]
[Date "2012.10.12"]
[Round "2"]
[White "Fernandez Reyes, Lisandro"]
[Black "Camargo, Santiago"]
[Result "1-0"]
[WhiteElo "2353"]
[BlackElo "2049"]
[PlyCount "37"]
[EventDate "2012.10.11"]
[EventType "swiss"]
[EventRounds "9"]
[EventCountry "COL"]
[SourceTitle "EXT 2013"]
[Source "ChessBase"]
[SourceDate "2012.11.22"]
[SourceVersion "1"]
[SourceVersionDate "2012.11.22"]
[SourceQuality "1"]

1. Nf3 d5 2. g3 h6 3. Bg2 Bf5 4. 0-0 e6 5. c4 c6 6. Nc3 Nf6 7. d3 Nbd7 8. cxd5 cxd5 9. Re1 Nb6 10. Qb3 Be7 11. e4 Bh7 12. Qb5+ Qd7 13. Qxd7+ Kxd7 14. Ne5+ Ke8 15. Nb5 Bb4 16. Re2 Kf8 17. a3 Be7 18. Be3 Ne8 19. Nxa7 1-0

[Event "Central Region-ch U16"]
[Site "Duitama"]
[Date "2012.05.12"]
[Round "6.1"]
[White "Moreno Bermudez, Jhon Jairo"]
[Black "Camargo, Santiago"]
[Result "0-1"]
[WhiteElo "1808"]
[BlackElo "2016"]
[PlyCount "58"]
[EventDate "2012.05.10"]
[EventType "swiss"]
[EventRounds "7"]
[EventCountry "COL"]
[SourceTitle "EXT 2024"]
[Source "ChessBase"]
[SourceDate "2023.10.10"]
[SourceVersion "1"]
[SourceVersionDate "2023.10.10"]
[SourceQuality "1"]

1. e4 c5 2. Nf3 d6 3. d4 cxd4 4. Nxd4 Nf6 5. Nc3 a6 6. f3 e5 7. Nb3 Be6 8. Be3 Be7 9. Qd2 Qc7 10. g4 Nbd7 11. h4 b5 12. 0-0-0 b4 13. Ne2 a5 14. Kb1 Nb6 15. Ng3 0-0 16. g5 Nfd7 17. h5 d5 18. g6 fxg6 19. hxg6 hxg6 20. Qg2 d4 21. Bc1 a4 22. Na1 b3 23. cxb3 axb3 24. a3 Na4 25. Ne2 Bxa3 26. Qxg6 Nf6 27. Bh3 Bf7 28. Qg5 Bxb2 29. Bxb2 Nxb2 0-1

[Event "Central Region-ch U16"]
[Site "Duitama"]
[Date "2012.05.10"]
[Round "2.1"]
[White "Obando Guzman, Soren Federico"]
[Black "Camargo, Santiago"]
[Result "0-1"]
[WhiteElo "1827"]
[BlackElo "2016"]
[PlyCount "41"]
[EventDate "2012.05.10"]
[EventType "swiss"]
[EventRounds "7"]
[EventCountry "COL"]
[SourceTitle "EXT 2024"]
[Source "ChessBase"]
[SourceDate "2023.10.10"]
[SourceVersion "1"]
[SourceVersionDate "2023.10.10"]
[SourceQuality "1"]

1. d4 d5 2. c4 c6 3. Nf3 Nf6 4. Nc3 e6 5. Bg5 Be7 6. e3 Nbd7 7. Qc2 0-0 8. cxd5 exd5 9. Bd3 Re8 10. 0-0 Ne4 11. Bxe4 dxe4 12. Nxe4 Bxg5 13. Nexg5 Nf6 14. Ne5 Be6 15. Nxe6 Rxe6 16. Qb3 Qe7 17. a4 Rd8 18. Rac1 Ne4 19. f3 Nd2 20. Qd3 Nxf1 21. Qxf1 0-1

[Event "Bogota Semana Santa op"]
[Site "Bogota"]
[Date "2012.04.08"]
[Round "8"]
[White "Camargo, Santiago"]
[Black "Tovio, Israel"]
[Result "0-1"]
[WhiteElo "2003"]
[BlackElo "2275"]
[PlyCount "72"]
[EventDate "2012.04.04"]
[EventType "swiss"]
[EventRounds "9"]
[EventCountry "COL"]
[SourceTitle "CBM 147 Extra"]
[Source "ChessBase"]
[SourceDate "2012.04.24"]
[SourceVersion "1"]
[SourceVersionDate "2012.04.24"]
[SourceQuality "1"]

1. e4 c5 2. Nf3 d6 3. d4 cxd4 4. Nxd4 Nf6 5. Nc3 Nc6 6. Be2 e5 7. Nb3 Be7 8. 0-0 0-0 9. Be3 a5 10. a4 Nb4 11. Bc4 Qc7 12. Bd5 Nfxd5 13. Nxd5 Nxd5 14. exd5 Bf5 15. c3 Qc4 16. f3 Bg6 17. Nc1 f5 18. Qb3 Qxb3 19. Nxb3 f4 20. Bf2 Bd3 21. Rfe1 Bc4 22. Nd4 Bxd5 23. Rad1 Bc6 24. Nb5 Bxb5 25. axb5 Rfc8 26. Re4 a4 27. g3 g5 28. c4 Kf7 29. c5 dxc5 30. Rxe5 Bf6 31. Rd7+ Kg8 32. Rf5 Bxb2 33. Rxg5+ Kh8 34. Rh5 a3 35. Rhxh7+ Kg8 36. Rh5 a2 0-1

[Event "Bogota Semana Santa op"]
[Site "Bogota"]
[Date "2012.04.07"]
[Round "7"]
[White "Contreras, Henry"]
[Black "Camargo, Santiago"]
[Result "1-0"]
[WhiteElo "2252"]
[BlackElo "2003"]
[PlyCount "47"]
[EventDate "2012.04.04"]
[EventType "swiss"]
[EventRounds "9"]
[EventCountry "COL"]
[SourceTitle "CBM 147 Extra"]
[Source "ChessBase"]
[SourceDate "2012.04.24"]
[SourceVersion "1"]
[SourceVersionDate "2012.04.24"]
[SourceQuality "1"]

1. e4 c5 2. Nf3 d6 3. d4 cxd4 4. Nxd4 Nf6 5. Nc3 a6 6. f3 e5 7. Nb3 Be6 8. Be3 Be7 9. Qd2 Qc7 10. 0-0-0 Nbd7 11. g4 b5 12. g5 b4 13. Ne2 Nh5 14. Kb1 a5 15. Ng3 Nxg3 16. hxg3 a4 17. Nc1 Rb8 18. b3 Nc5 19. Rh2 axb3 20. cxb3 0-0 21. Bh3 Bc4 22. Rdh1 Na4 23. Bf1 Bxb3 24. Rxh7 1-0

[Event "Bogota Semana Santa op"]
[Site "Bogota"]
[Date "2012.04.06"]
[Round "5"]
[White "Otero Martinez, Daniel"]
[Black "Camargo, Santiago"]
[Result "0-1"]
[WhiteElo "2111"]
[BlackElo "2003"]
[PlyCount "40"]
[EventDate "2012.04.04"]
[EventType "swiss"]
[EventRounds "9"]
[EventCountry "COL"]
[SourceTitle "CBM 147 Extra"]
[Source "ChessBase"]
[SourceDate "2012.04.24"]
[SourceVersion "1"]
[SourceVersionDate "2012.04.24"]
[SourceQuality "1"]

1. e4 c5 2. Nf3 d6 3. d4 cxd4 4. c3 dxc3 5. Nxc3 Nc6 6. Bc4 e6 7. 0-0 Be7 8. Qe2 Nf6 9. Rd1 e5 10. h3 0-0 11. Bg5 h6 12. Be3 a6 13. Rac1 Kh8 14. Nd5 Be6 15. Nb6 Bxc4 16. Rxc4 Rb8 17. Qd2 Re8 18. Qc2 Bf8 19. Nd5 Nxd5 20. Rxd5 Qe7 0-1

[Event "Bogota U16 Mixto op"]
[Site "Bogota"]
[Date "2012.03.10"]
[Round "3.2"]
[White "Martinez Baquero, Hugo Esteban"]
[Black "Camargo, Santiago"]
[Result "1/2-1/2"]
[WhiteElo "1940"]
[BlackElo "2003"]
[PlyCount "49"]
[EventDate "2012.03.09"]
[EventType "swiss"]
[EventRounds "6"]
[EventCountry "COL"]
[SourceTitle "EXT 2024"]
[Source "ChessBase"]
[SourceDate "2023.10.10"]
[SourceVersion "1"]
[SourceVersionDate "2023.10.10"]
[SourceQuality "1"]

1. d4 d5 2. c4 c6 3. Nc3 e6 4. Nf3 Nf6 5. Bg5 Be7 6. e3 Nbd7 7. Qc2 0-0 8. Rc1 dxc4 9. Bxc4 Nd5 10. Bxe7 Qxe7 11. e4 Nxc3 12. Qxc3 c5 13. 0-0 cxd4 14. Nxd4 Rd8 15. Rfd1 a6 16. Bb3 Nf8 17. Qg3 Ng6 18. Rc7 Qb4 19. Rc4 Qa5 20. Qc7 Qxc7 21. Rxc7 Rd7 22. Rdc1 Rxd4 23. Rxc8+ Rxc8 24. Rxc8+ Nf8 25. f3 1/2-1/2

[Event "COL-ch U20"]
[Site "Bogota"]
[Date "2012.02.16"]
[Round "3"]
[White "Martinez Romero, Martin"]
[Black "Camargo, Santiago"]
[Result "1-0"]
[WhiteElo "2360"]
[BlackElo "1986"]
[PlyCount "51"]
[EventDate "2012.02.15"]
[EventType "swiss"]
[EventRounds "7"]
[EventCountry "COL"]
[SourceTitle "CBM 147 Extra"]
[Source "ChessBase"]
[SourceDate "2012.04.24"]
[SourceVersion "1"]
[SourceVersionDate "2012.04.24"]
[SourceQuality "1"]

1. d4 d5 2. c4 c6 3. Nc3 Nf6 4. Nf3 e6 5. e3 Nbd7 6. Qc2 Be7 7. g4 dxc4 8. Bxc4 Nd5 9. e4 Nxc3 10. bxc3 c5 11. Be3 Qc7 12. Qe2 0-0 13. g5 Nb6 14. Bd3 cxd4 15. Bxd4 Bc5 16. 0-0 Bd7 17. Qe3 Bd6 18. e5 Be7 19. Nd2 Nd5 20. Qg3 b5 21. Ne4 g6 22. Rae1 Kh8 23. Nf6 Bxf6 24. gxf6 h6 25. Re4 Kh7 26. Rh4 1-0